| 000 | 00439cam a2200181ua 4500 | ||
|---|---|---|---|
| 020 | _c2.00 | ||
| 041 |
_ahin _h |
||
| 082 |
_a891.54 _bMAH/VI |
||
| 100 | _aMahatma, Gandhi . | ||
| 245 |
_aVivah-samsya: Stree jeevan / _cMahatma Gandhi. _hTextual Documents |
||
| 250 |
_a1 / _b. |
||
| 260 |
_aPrayag : _bMatru Bhasha Mandir , _c1957. |
||
| 300 | _a122 ; . | ||
| 365 | _a2.00 | ||
| 504 | _a | ||
| 942 | _cBK | ||
| 999 |
_c7995 _d7995 |
||